All USport and CCAA Schools on a Map - Statistics

General Stats
  • This quiz has been taken 2 times
  • The average score is 55 of 152
Answer Stats
Answer % Correct
Acadia
100%
British Columbia
100%
Cape Breton
100%
Carleton
100%
Dalhousie
100%
McGill
100%
McMaster
100%
Mount Allison
100%
Ottawa
100%
Prince Edward Island
100%
Saint Mary's
100%
St. Francis Xavier
100%
St. Thomas
100%
TMU
100%
Toronto
100%
Trinity Western
100%
Victoria
100%
Ahuntsic
50%
Alberta
50%
Alberta Augustana
50%
Algoma
50%
Algonquin
50%
Ambrose
50%
Bishop's
50%
Brandon
50%
British Columbia Okanagan
50%
Brock
50%
Calgary
50%
Cambrian
50%
Canadian Mennonite
50%
Capilano
50%
Champlain Saint-Lambert
50%
College of the Rockies
50%
Concordia
50%
Concordia Edmonton
50%
Conestoga
50%
Crandall
50%
Dalhousie Agricultural
50%
Douglas
50%
Fanshawe
50%
Fleming
50%
Fraser Valley
50%
George Brown
50%
Georgian
50%
Holland
50%
Humber
50%
King's
50%
King's College
50%
Lakehead
50%
Lakehead Orillia
50%
Lakeland
50%
Langara
50%
Laurentian
50%
Laval
50%
Manitoba
50%
Medicine Hat
50%
Memorial
50%
Mohawk
50%
Moncton
50%
Montreal
50%
Mount Royal
50%
MSVU
50%
NAIT
50%
New Brunswick
50%
Niagara
50%
Nipissing
50%
Northern British Columbia
50%
Okanagan
50%
Providence
50%
Queen's
50%
Red Deer
50%
Regina
50%
Saint-Boniface
50%
SAIT
50%
Sherbrooke
50%
Sheridan
50%
St. Clair
50%
St. Lawrence
50%
St. Mary's
50%
Thompson Rivers
50%
Trent
50%
Trois-Rivieres
50%
UNBSJ
50%
UQAM
50%
Vancouver Island
50%
Waterloo
50%
Western
50%
Wilfrid Laurier
50%
Windsor
50%
Winnipeg
50%
York
50%
Andre-Grasset
0%
Andre-Launrendeau
0%
Assiniboine
0%
Baie-Comeau
0%
Bois-de-Boulogne
0%
Boreal
0%
Briercrest
0%
Camosun
0%
Canadore
0%
Centennial
0%
Champlain Lennoxville
0%
Champlain St.Lawrence
0%
Chicoutimi
0%
Columbia Bible
0%
Confederation
0%
Dawson
0%
Durham
0%
Edouard-Montpetit
0%
Garneau
0%
GPRC
0%
Guelph
0%
Jean-de-Brebeuf
0%
John Abbott
0%
Jonquiere
0%
Keyano
0%
La Cite
0%
Lambton
0%
Lanaudiere a Joliette
0%
Lanaudiere a L'Assomption
0%
Lanaudiere a Terrebonne
0%
Laurier Brantford
0%
Lethbridge
0%
Levis-Lauzon
0%
Limoilou
0%
Lionel-Groulx
0%
L'Outaouais
0%
Loyalist
0%
Macewan
0%
Montmorency
0%
Notre-Dame-de-Foy
0%
Olds
0%
Ontario Tech
0%
Portage
0%
Prairie
0%
Redeemer
0%
RMC
0%
Sainte-Anne
0%
Sainte-Foy
0%
Saint-Jean-sur-Richelieu
0%
Saint-Jerome
0%
Saskatchewan
0%
Sault
0%
Seneca
0%
Thetford
0%
Toronto Mississauga
0%
UQTR
0%
Vanier
0%
Victoriaville
0%
Vieux Montreal
0%
No matching quizzes found
Score Distribution
Percent of People with Each Score
Percentile by Number Answered
Your Score History
You have not taken this quiz